The Global competitiveness report : 2011-2012.
| Format: | Book |
|---|---|
| Published: |
Geneva:
World Economic Forum,
2011.
|
| Subjects: |
| LEADER | 00532cam a2200157 7i4500 | ||
|---|---|---|---|
| 001 | 0000027425 | ||
| 005 | 20111221090000.0 | ||
| 020 | 0 | 0 | |a 9789295044746 |
| 090 | 0 | 0 | |a I 338.60480727 |b GLO |
| 245 | 0 | 0 | |a The Global competitiveness report : |b 2011-2012. |
| 260 | 0 | 0 | |a Geneva: |b World Economic Forum, |c 2011. |
| 300 | # | # | |a 527p. |
| 650 | 0 | 0 | |a International trade -- |x Statistics |
| 650 | 0 | 0 | |a Competition, International -- |x Statistics |
| 650 | 0 | 0 | |a Economic develoment -- |x Statistics |
| 999 | |a 0000029723 |b Book |c International |e Business Information Centre | ||


